Gradi di separazione : romanzo /

সংরক্ষণ করুন:
গ্রন্থ-পঞ্জীর বিবরন
প্রধান লেখক: Frittaion, Giuseppe
বিন্যাস: গ্রন্থ
ভাষা:ইতালিয়
প্রকাশিত: Civitella in Val di Chiana : Zona, c2010
ট্যাগগুলো: ট্যাগ যুক্ত করুন
কোনো ট্যাগ নেই, প্রথমজন হিসাবে ট্যাগ করুন!

MARC

LEADER 00000nam a22000007i 4500
001 IT\ICCU\UBO\3794492
003 ItRI
005 20260115232128.0
008 100525s2010 it |||||| ||||| |||||c
020 |a 9788864380780 
040 |b ita  |c importazione bologna sebina 
041 7 |a ita  |2 ISO-639-2 
100 1 |a Frittaion, Giuseppe  |0 IT\ICCU\UBOV\367682 
245 1 0 |a Gradi di separazione :  |b romanzo /  |c Giuseppe Frittaion. 
260 |a Civitella in Val di Chiana :  |b Zona,  |c c2010 
300 |a 157 p. ;  |c 21 cm. 
942 |2 ddc  |c BK  |n 0 
952 |0 0  |1 0  |4 0  |6 DOC_853_920000000000000_FRI  |7 0  |9 20554  |a BO  |b BO  |d 2026-01-15  |i 13733  |l 0  |o DOC 853.92 FRI  |p BO13733  |r 2026-01-15 23:21:28  |w 2026-01-15  |x [Sebina 7] [1 v.]  |y BK  |z 1 v. 
952 |0 0  |1 0  |4 0  |6 DOC_853_920000000000000_FRI  |7 0  |9 20555  |a BO  |b BO  |d 2026-01-15  |i 13825  |l 0  |o DOC 853.92 FRI  |p BO13825  |r 2026-01-15 23:21:28  |w 2026-01-15  |x [Sebina 5] [1 v.]  |y BK  |z 1 v. (2. copia) 
999 |c 17549  |d 17549